000 01377cas a2200349 i 4500
001 000031262
003 DO-SdBNP
005 20260303091739.0
007 ta
008 110616c1908 dr wr1pddg f| 0spa d
040 _aDO-SdBNP
_bspa
_cDO-SdBNP
_erda
041 _hspa
043 _anwrd
130 0 _aBlanco y negro (Santo Domingo, República Dominicana)
_957732
222 0 _aBlanco y negro
245 1 0 _aBlanco y negro :
_brevista ilustrada.
264 _aSanto Domingo, República Dominicana :
_bBlanco y Negro,
_c1908-.
300 _avolumen :
_bilustraciones, retratos ;
_c28 cm.
310 _aSemanal.
336 _atexto
_btxt
_2rdacontent
337 _asin mediación
_bn
_2rdamedia
338 _avolumen
_bnc
_2rdacarrier
362 0 _aInicia con: Año. I No.1 (septiembre 1908).
500 _aDescripción basada en: Año II No. 53 (19 de septiembre 1909).
500 _aDirector propietario: 1909, Francisco A. Palau.
650 2 4 _aLiteratura
_vPublicaciones periódicas
_zRepública Dominicana
_957667
650 2 4 _aCultura
_vPublicaciones periódicas
_zRepública Dominicana
_957733
651 4 _aRepública Dominicana
_vPublicaciones periódicas
_925092
700 _aPalau, Francisco A.
_989107
_edirector
856 4 1 _uhttp://bibliotecaramoncaceres.org/digitalizados_center.htm
_zRevistas digitalizadas de la No. 121-171
942 _2ddc
_cISSUE
999 _c30754
_d30754